| 000 | 00522nam a2200181 a 4500 | ||
|---|---|---|---|
| 005 | 20140310183430.0 | ||
| 008 | 080107s19uu xx 00 eng d | ||
| 020 | _a0435401629 | ||
| 050 |
_aLC 3986.G7 _b.T215 2003 |
||
| 100 | _aTassoni, Penny | ||
| 245 |
_aSupporting special needs : _bunderstanding inclusion in the early years / _cTassoni, Penny |
||
| 260 | _aChildren with disabilities. | ||
| 300 |
_a234 p. : _bill. ; _c25 cm. |
||
| 521 | _aEDU | ||
| 650 | _aEducation. | ||
| 942 |
_cBK _2lcc _kFOR |
||
| 999 |
_c22723 _d22723 |
||